Bilder nach Land - Australien - Statistiken

Allgemein
  • Dieses Quiz wurde 46 mal gespielt
  • Das Durchschnittsergebnis liegt bei 7 aus 16
Antwortstatistiken
Bildquiz Hint Antwort % Korrekt
(Tier) Koala
100%
(Berg) Uluru
77%
(Bundesstaat) Tasmanien
74%
(Stadt) Melbourne
67%
(Tier) Schnabeltier
63%
(Naturwunder) Great Barrier Reef
58%
(Stadt) Brisbane
51%
(Gebäude) Sydney Opera House
47%
(Brotaufstrich) Vegemite
40%
(Schauspielerin) Margot Robbie
33%
(Persönlichkeit) Steve Irwin
23%
(Tier) Wallaby
21%
(Sport) Australian Football
16%
(Flagge) Flagge der Aborigines
16%
(Tier) Helmkasuar
16%
(Kaffeespezialität) Flat White
14%
Keine übereinstimmenden Quizze gefunden
Verteilung der Resultate
Anzahl Personen mit jedem Resultat
Perzentil nach korrekt beantworteten Fragen
Ihre Resultats-Entwicklung
Sie haben dieses Quiz noch nicht gespielt